If Flags had Babies #1 - Statistics

General Stats
  • This quiz has been taken 196 times
  • The average score is 6 of 10
Answer Stats
Flag #1 (Background) Answer Flag #2 (Emblem) % Correct
Greece Uruguay Argentina
94%
United States Malaysia Mauritania
80%
Colombia Venezuela F.S. Micronesia
77%
Niger India Israel
61%
Russia Serbia Montenegro
61%
Morocco Norway Finland
56%
Pakistan Saudi Arabia Afghanistan
51%
Uzbekistan Azerbaijan Turkey
32%
Czech Republic Chile Liberia
31%
Netherlands Paraguay Eritrea
21%
No matching quizzes found
Score Distribution
Percent of People with Each Score
Percentile by Number Answered
Your Score History
You have not taken this quiz